Εγχειρίδιο Διαχείριση Οσφυαλγίας / Κλινικές Προκλήσεις - Σημεία - Κλειδιά - Μελέτη Περιστατικών (Record no. 3159)
[ view plain ]
| 000 -LEADER | |
|---|---|
| fixed length control field | 02324cam a22002174a 4500 |
| 005 - ΗΜΕΡΟΜΗΝΙΑ ΚΑΙ ΩΡΑ ΤΕΛΕΥΤΑΙΑΣ ΕΝΗΜΕΡΩΣΗΣ | |
| Πεδίο ελέγχου | 20250605164106.0 |
| 008 - FIXED-LENGTH DATA ELEMENTS--GENERAL INFORMATION | |
| Πεδίο ελέγχου σταθερού μήκους | 250528s ||||||||||||||||||||||||d |
| 035 ## - SYSTEM CONTROL NUMBER | |
| System control number | 17759 |
| 020 ## - ISBN | |
| ISBN | 9789605830465 |
| 040 ## - ΠΗΓΗ ΚΑΤΑΛΟΓΟΓΡΑΦΗΣΗΣ | |
| Φορέας πρωτότυπης καταλογογράφησης | MC Athens Campus Library |
| Γλώσσα καταλογογράφησης | Ελληνικά, Μοντέρνα (1453-) |
| Modifying agency | MC Athens Campus Library |
| Κανόνες περιγραφικής καταλογογράφησης | AACR2 |
| 245 1# - ΤΙΤΛΟΣ ΚΑΙ ΔΗΛΩΣΗ ΥΠΕΥΘΥΝΟΤΗΤΑΣ | |
| Τίτλος | Εγχειρίδιο Διαχείριση Οσφυαλγίας / Κλινικές Προκλήσεις - Σημεία - Κλειδιά - Μελέτη Περιστατικών |
| 250 ## - EDITION STATEMENT | |
| Edition statement | 1η |
| 260 ## - PUBLICATION, DISTRIBUTION, ETC. | |
| Name of publisher, distributor, etc. | Εκδόσεις Παρισιάνου, |
| Date of publication, distribution, etc. | 2009 |
| 300 ## - PHYSICAL DESCRIPTION | |
| Extent | 190 |
| 520 ## - SUMMARY, ETC. | |
| Summary, etc. | Περιλαμβάνεται γρήγορη και εύκολη πρόσβαση στις πάρα πολλές και διαφορετικές παραμέτρους της αξιολόγησης και της διαχείρισης, που είναι απαραίτητες για την ορθή διαχείριση της οσφυαλγίας με την παροχή εξειδικευμένης γνώσης και συμβουλών. Πρόλογος, Ο Σκοπός του Βιβλίου, Ανασκόπηση: Οσφυαλγία και Φυσικοθεραπεία και Φυσικοθεραπευτές, Εντοπισμός και Σημασία των Κόκκινων Σημαιών, Εντοπισμός και Φυσικοθεραπευτική Διαχείριση της Ιππουριδικής Συνδρομής, Εντοπισμός και Διαχείριση των Κίτρινων Σημαιών, Υποκειμενική Εξέταση, Αντικειμενική Εξέταση, Εισαγωγή στη Διαφορική Διάγνωση για τους Ασθενεις με Οσφυαλγία, Πόνος και Φαρμακολογία, Φυσικοθεραπευτική Αγωγή για την Οσφυαλγία, Παραδείγματα για το Πώς οι Εξειδικευμένες Υπηρεσίες μπορούν να Αλλάξουν τη Διαχείριση της Οσφυαλγίας, Πιθανές Απαντήσεις στις Κλινικές Προκλήσεις και τις Ατομικές Περιπτώσεις, Ευρετήριο. |
| 700 1# - ΠΡΟΣΘΕΤΗ ΑΝΑΓΡΑΦΗ--ΦΥΣΙΚΟ ΠΡΟΣΩΠΟ | |
| Personal name | Ferguson Fraser |
| 9 (RLIN) | 3894 |
| 700 1# - ΠΡΟΣΘΕΤΗ ΑΝΑΓΡΑΦΗ--ΦΥΣΙΚΟ ΠΡΟΣΩΠΟ | |
| Personal name | Κατσουλάκης Κωνσταντίνος Δ |
| 9 (RLIN) | 3895 |
| 942 ## - ADDED ENTRY ELEMENTS (KOHA) | |
| Koha item type | Books |
| Τύπος τεκμηρίου | Βιβλιοθήκη | Τρέχουσα τοποθεσία | Barcode | Αριθμός εισαγωγής | Ημερομηνία απόκτησης | Ταξιθετικό σύμβολο | Αριθμός αντιτύπου | Κατάσταση απόσυρσης | Κατάσταση χαμένου | Κατάσταση κατεστραμμένου | Μη δανεισμός | Σύνολο δανεισμών | Ημερομηνία τελευταίας εμφάνισης | Η τιμή ισχύει από |
|---|---|---|---|---|---|---|---|---|---|---|---|---|---|---|
| Books | MC Athens Campus Library | MC Athens Campus Library | 9780000031587 | 7125 | 05/06/2025 | REF 617.5/64 FER | 1 | 05/06/2025 | 05/06/2025 |